000 00457nam a2200157Ia 4500
008 241206s9999||||xx |||||||||||||| ||und||
020 _a9831100581
_c0
040 _beng
_cSSK Library
_erda
082 _a741.6/MEC
100 _a Mecho Loh Pei-Chuan
245 0 _aSiri Pendidikan Seni Visual Komunikasi Seni Visual
260 _b Ferringhi Distributors
_c ©2003
942 _2Dewey Decimal Classification
_cBOOK
_nNo
999 _c14188
_d14188
003 OSt
005 20241206223159.0